Responses for Show #3546 - Monday, January 24, 2000

Contestants

[<< previous game]

Sam Paparo, a Navy fighter pilot from Morton, Pennsylvania

Don Lessem, a dinosaur expert and writer from Newton, Massachusetts

Lynn Walters, a stay-at-home mom from St. Louis, Missouri (whose 3-day cash winnings total $23,001)

[next game >>]

Jeopardy! Round responses

BRITISH AUTHORS
AMERICAN FADS
MEXICAN GEOGRAPHY
ITALIAN CINEMA
EGYPTIAN ARCHAEOLOGY
"ONE" PLANET
    $100 1
Ian Fleming

Don
    $100 2
Citizens' band radio

Sam
    $100 12
Texas

Sam
    $100 11
Roberto Benigni

Sam
    $100 10
(D: Who was Nefertiti?)

Cleopatra

LynnDon
    $100 13
"And one for all"

Don
    $200 3
William Makepeace Thackeray

Lynn
    $200 7
Lava lamps

Lynn
    $200 17
Yucatan

Don
    $200 15
"The Canterbury Tales"

Sam
    $200 14
Hieroglyphics

Sam
    $200 20
"One-armed bandit"

Lynn
    $300 4
(S: What is a rose?)

Ring (but not the ring he gave her)

Sam
Triple Stumper
    $300 8
Pet Rock

Sam
    $300 30
Cabo San Lucas

Don
    $300 16
Gina Lollobrigida

Lynn
    $300 18
Cheops (Khufu)

Lynn
    $300 21
One Day at a Time

Lynn
    $400 5
Benjamin

Sam
    $400 9
Farrah Fawcett

Don
    $400 29
Sierra Madre

Lynn
    $1,000 26
(less than a minute to go...)

Paparazzi (named for Paparazzo)

Don
    $400 23
Ramses II

Don
    $400 22
One man's meat

Don
    $500 6
John Gay

Triple Stumper
    $500 19
Lambada

Lynn
    $500 28
Chiapas

Triple Stumper
    $500 27
Rome

Triple Stumper
    $500 24
(D: What is Karnak?)

Luxor

DonSam
    $500 25
"One Flew Over the Cuckoo's Nest"

Don

Scores at the first commercial break (after clue 15):

Lynn Don Sam
$500 $500 $1,100

Scores at the end of the Jeopardy! Round:

Lynn Don Sam
$2,500 $800 $1,600

Double Jeopardy! Round responses

JANUARY 24
BROADWAY
LAST NAME'S THE SAME
THE SUN
TELLING TIME
13-LETTER WORDS
    $200 21
(L: What is an inauguration speech?)

State of the Union address

LynnSam
    $200 2
Nicole Kidman

Sam
    $200 8
Allen

Sam
    $200 16
Hydrogen

Lynn
    $200 25
Quartz

Don
    $200 1
Ventriloquist

Lynn
    $400 22
Nastassja Kinski

Sam
    $400 3
"Annie"

Lynn
    $400 9
Douglas

Don
    $400 17
Helios

Triple Stumper
    $400 7
Massachusetts

Sam
    $600 23
International Olympic Committee

Lynn
    $600 4
"Swan Lake"

Triple Stumper
    $600 13
Dickinson

Lynn
    $600 18
Sunspots

Lynn
    $600 10
Perpendicular

Don
    $1,000 24
(Alex: He knew the war was over, but he was afraid to come out...& we have less than a minute to go.)

Guam

Lynn
    $800 5
Natasha Richardson

Sam
    $800 14
Van Buren

Lynn
    $800 19
(D: What is the Earth?)

Pluto

Don
Triple Stumper
    $800 28
(buzzer sounds)

Tuning fork

Lynn
    $800 11
Ophthalmology

Lynn
    $1000 27
Lord Randolph Churchill

Don
    $1000 6
(D: What is "Les Miz?")

"The Scarlet Pimpernel"

Don
Triple Stumper
    $1000 15
(D: What is Nash?)

Stewart

Don
Triple Stumper
    $1000 20
Solar wind

Sam
    $1000 26
Standards

Triple Stumper
    $1000 12
Featherweight

Triple Stumper

Scores at the end of the Double Jeopardy! Round:

Lynn Don Sam
$8,300 $200 $4,800

[wagering suggestions for these scores]

Final Jeopardy! Round responses

FOOD & DRINK
DonWhat is Aqua vitae?
$200
SamWhat is Beer?
$4,399
LynnWhat is vodka?
$1,301
Whiskey

Final scores:

Lynn Don Sam
$6,999 $0 $401
4-day champion: $30,000 3rd place: Clio PC Companion 2nd place: Trip to Atlantis Paradise Island Resort, Bahamas

Game dynamics:

Coryat scores:

Lynn Don Sam
$8,100 $1,200 $4,800
19 R
(including 2 DDs),
1 W
12 R,
6 W
(including 1 DD)
15 R,
1 W

Combined Coryat: $14,100

[game clues] [game scores] [suggest correction]

Game tape date: 1999-11-16
The J! Archive is created by fans, for fans. Scraping, republication, monetization, and malicious use prohibited; this site may use cookies and collect identifying information. See terms. The Jeopardy! game show and all elements thereof, including but not limited to copyright and trademark thereto, are the property of Jeopardy Productions, Inc. and are protected under law. This website is not affiliated with, sponsored by, or operated by Jeopardy Productions, Inc. Join the discussion at JBoard.tv.